| 000 | 00462cam a2200181 4500 | ||
|---|---|---|---|
| 001 | D8432 | ||
| 008 | 090401t1980 xxu||||| |||| 00| 0 eng d | ||
| 035 | _a(Sirsi) u12995 | ||
| 041 | _aeng | ||
| 050 | _a333.33025 | ||
| 110 |
_aRoyal Institution of Chartered Surveyors _94900 |
||
| 245 | _aYearbook 1979-80 | ||
| 260 |
_aEast Grinstead _bThomas Skinner Directories _c1980 |
||
| 300 | _aliii. 1750p. 30cm | ||
| 350 | _a17 | ||
| 942 | _n0 | ||
| 948 | _c04/03/1997 | ||
| 999 |
_c87046 _d87046 |
||